Các hợp chất Alkaloit từ lá cây giác đế miên (Goniothalamus Tamirensis Pierre Ex Finet & Gagn. ) ở Việt Nam Luận văn thạc sĩ hóa học. Chuyên ngành: Hóa hữu cơ. Mã số: 60.44.27

Đã lưu trong:
书目详细资料
主要作者: Phạm, Duy Phúc
其他作者: Trần, Đình Thắng (Hướng dẫn)
格式: Luận văn 工具包 图书
语言:Vietnamese
出版: Vinh Đại học Vinh 2010
主题:
标签: 添加标签
没有标签, 成为第一个标记此记录!
Thư viện lưu trữ: Trung tâm Học liệu Lê Vũ Hùng, Trường Đại học Đồng Tháp
LEADER 01238ppm a22003018a 4500
001 00031287
005 20171026081025.0
008 131114s2010 ||||||viesd
041 0 # |a vie 
082 1 4 |b C101H  |a 547 
100 1 # |a Phạm, Duy Phúc 
245 0 0 |a Các hợp chất Alkaloit từ lá cây giác đế miên (Goniothalamus Tamirensis Pierre Ex Finet & Gagn. ) ở Việt Nam  |b Luận văn thạc sĩ hóa học. Chuyên ngành: Hóa hữu cơ. Mã số: 60.44.27  |c Phạm Duy Phúc; Trần Đình Thắng (hướng dẫn) 
260 # # |a Vinh  |b Đại học Vinh  |c 2010 
300 # # |a 66 tr.  |c 30cm.  |e bản tóm tắt 
500 # # |a ĐTTTS ghi: Bộ giáo dục và đào tạo. Trường Đại học Vinh 
653 # # |a Cây giác đế miên 
653 # # |a Hóa hữu cơ 
653 # # |a Việt Nam  |a hợp chất 
653 # # |a Môn hóa học 
653 # # |a Luận văn 
700 1 # |a Trần, Đình Thắng  |e Hướng dẫn 
852 # # |j LV.0000389 
852 # # |b Kho đọc SĐH  |j LV.0000389 
910 |d 14/11/2013 
980 # # |a Trung tâm Học liệu Lê Vũ Hùng, Trường Đại học Đồng Tháp